01450nam a22002417a 450000500170000000800410001702000180005804000070007604100120008308200200009510000300011524500820014526000440022730000260027136500530029752007530035065000260110365000150112965000120114465000140115670000210117070000170119120240724163323.0240724b ||||| |||| 00| 0 eng d a9788119153930 cAL aEnglish 223bMAXBa158.2 aJohn C Maxwell and others aBecoming a person of Influence : How to positively impact the lives of others aAhmedabadbJaico Publishing Housec2024 a208 p.bPBc22x15 cm. a2473b₹360.00c₹d₹450.00e20%f16-07-2024 aWhatever your vocation or aspiration, You can increase your impact on others by Becoming a Person of Influence. Learn simple, insightful ways to interact more positively with others, and watch your personal and organizational success go off the charts. • Managers will see their employees respond with new enthusiasm • Parents will connect with their children on a deeper level • Coaches will see players blossom • Pastors will reach more people • Salespeople will break records With influence, you can achieve success at home, at work, and in every other area of life. Whether your desire is to build a business, strengthen your children, or reach the world, you can achieve it by raising your level of influence in the lives of others.  aPsychological aspects aInfluence  aSuccess aSelf-Help aMAXWELL (John C) aDORNAN (Jim)